|
|
|
|
| LEADER |
00000nam0a2200000 4500 |
| 001 |
16417 |
| 005 |
20260126122450.0 |
| 035 |
|
|
|a (RuTPU)RU\TPU\book\16541
|
| 035 |
|
|
|a BOOK00001229
|
| 090 |
|
|
|a 16417
|
| 100 |
|
|
|a 20011209d1976 km y0rusy50 ca
|
| 101 |
0 |
|
|a rus
|
| 102 |
|
|
|a RU
|
| 105 |
|
|
|a a z 000zy
|
| 200 |
1 |
|
|a Отчизны внемлем призываньем..
|f Н. А. Рабкина
|
| 210 |
|
|
|a Москва
|c Советская Россия
|d 1976
|
| 215 |
|
|
|a 256 с.
|c ил.
|
| 606 |
|
|
|a Декабристы
|9 81899
|
| 610 |
1 |
|
|a история
|
| 610 |
1 |
|
|a Россия
|
| 610 |
1 |
|
|a 19 век
|
| 610 |
1 |
|
|a тюрьмы
|
| 610 |
1 |
|
|a каторга
|
| 610 |
1 |
|
|a ссылка
|
| 686 |
|
|
|a Т3(2)521-425
|2 rubbk
|
| 700 |
|
1 |
|a Рабкина
|b Н. А.
|g Нина Абрамовна
|
| 801 |
|
0 |
|a RU
|b 63413507
|c 20011209
|g PSBO
|
| 801 |
|
2 |
|a RU
|b 63413507
|c 20150312
|g PSBO
|
| 942 |
|
|
|c BK
|